Géographie du Royaume-Uni. - Statistiques

Statistiques générales
  • Ce quiz a été pris 750 fois
    480 depuis la dernière actualisation
  • Le résultat moyen est 12 sur 18
Statistiques - réponses
Questions Réponses % Correct
Avec quel pays le Royaume-Uni a-t-il sa plus grande frontière? Irlande
98%
Irlande
98%
Mer d'{Irlande}
98%
Quelle est la plus grandes nation du Royaume-Uni Angleterre
97%
Quel océan? Océan {Atlantique}
96%
Dans quelle nation se trouve-t-il? Écosse
93%
Quelles mers bordent le Royaume-Uni? Mer du {Nord}
93%
Manche
88%
Tamise
83%
Quelle est la capitale du Pays de Galles? Cardiff
81%
Quelle est la deuxième ville la plus peuplée du Royaume-Uni? Birmingham
65%
Quels sont les deux plus grandes îles sur lesquelles s'étend le Royaume-Uni? Grande-Bretagne
62%
Avec quel pays possède-t-il sa deuxième plus grande frontière? Espagne (Gibraltar)
41%
Quel est le point culminant du Royaume-Uni? Ben Nevis
25%
Quels sont les deux plus grands fleuves britanniques? Severn
18%
Mer {Celtique}
14%
De combien de comté est composé l'Angleterre? 83
10%
Quel est le plus grand lac du Royaume-Uni? Lough Neagh
3%
Aucun quiz correspondant
Distribution des résultats
% des personnes avec chaque résultat
Percentile par nombre de réponses
Votre historique - résultats
Vous n’avez pas pris ce quiz depuis la dernière actualisation